| 000 | 00955cam a2200289La 4500 | ||
|---|---|---|---|
| 999 |
_c264 _d264 |
||
| 001 | 864811965 | ||
| 003 | OCoLC | ||
| 005 | 20190805082051.0 | ||
| 008 | 120803s2012 nyua 000 0 eng | ||
| 020 | _a9780194323475 (pbk.) | ||
| 020 | _a0194323471 (pbk.) | ||
| 035 | _a(OCoLC)864811965 | ||
| 040 |
_aNz _beng _cNZAUC |
||
| 049 | _aNYPP | ||
| 082 | _a428.24 SAV | ||
| 100 | 1 |
_aSavage, Alice, _d1962- _eauthor |
|
| 245 | 1 | 0 |
_aEffective academic writing 2 : _bthe short essay / _cAlice Savage, Patricia Mayer. |
| 250 | _a2nd ed. | ||
| 260 |
_aNew York : _bOxford University Press, _c2012. |
||
| 300 |
_ap. : _bill. (some col.) ; _c28 cm. |
||
| 490 |
_aEffective academic writing _v2 |
||
| 500 | _a"Includes student online access code"--Cover. | ||
| 650 | 0 |
_aEnglish language _xRhetoric _vProblems, exercises, etc. |
|
| 650 | 0 |
_aEssay _xAuthorship _vProblems, exercises, etc. |
|
| 650 | 0 |
_aReport writing _vProblems, exercises, etc. |
|
| 942 |
_2ddc _cNFIC |
||